Heartless - The Weeknd Lyrics - Statistics

General Stats
  • This quiz has been taken 406 times
  • The average score is 257 of 359
Answer Stats
Hint Answer % Correct
a
99%
I
99%
I'm
97%
he
95%
hear
95%
heart
94%
heartless
94%
the
93%
me
92%
me,
92%
be
90%
'Cause
90%
'cause
90%
Cause
90%
cause
90%
Never
89%
never
89%
b*tch
88%
my
88%
on
88%
need
87%
try
86%
what
86%
and
83%
And
83%
do
83%
that
83%
to
83%
fix
82%
all
81%
All
81%
can
81%
in
81%
one
81%
Tryna
80%
this
79%
been
78%
find
78%
got
78%
but
77%
life
77%
p*ssy,
77%
p*ssy
77%
it
76%
I've
75%
man,
73%
now
73%
better
72%
money
72%
Said
72%
when
72%
for
71%
back
69%
So
68%
want
66%
Yeah,
65%
dog
64%
feelin'
64%
ways
64%
dodgin'
63%
much
63%
pain
63%
sickly
63%
ho
61%
Low
61%
low
61%
fallin'
60%
get
59%
love
58%
Metro
58%
pound
58%
runnin'
57%
through
57%
Boomin
56%
pocket
56%
they
56%
weddin'
56%
turn
55%
out
54%
into
53%
models
53%
plan
53%
down
52%
Hundred
52%
moshpit
50%
Why?
50%
faded
49%
Amphetamine
48%
gettin'
47%
you
47%
You
47%
death
45%
stummy
45%
up,
45%
up
45%
compound
44%
Time,
43%
time
43%
lost
38%
pulse
38%
cockpit
37%
like
37%
mind
36%
six-speed
35%
with
35%
always
34%
swimmin'
34%
flyin'
33%
right
33%
sharks
33%
see
32%
Seven
32%
star
32%
target
32%
drugs
31%
gave
31%
of
31%
years,
31%
faucet
30%
her
30%
these
30%
just
29%
know
29%
miss
29%
Photoshoots,
29%
Rolling
29%
Call
28%
don't
28%
Stone,
28%
talkin
28%
I'll
27%
pill
27%
rocket
27%
came
26%
thought
25%
bags
24%
Bazaar
24%
drunk,
24%
girls
24%
Sellin'
23%
alone
22%
well
22%
dreams
21%
watchin'
19%
full
18%
guard
18%
Duffle
17%
clear
16%
Stix
16%
their
15%
tone
10%
Telsa
6%
No matching quizzes found
Score Distribution
Percent of People with Each Score
Percentile by Number Answered
Your Score History
You have not taken this quiz